| 000 | 00709nam a2200217 a 4500 | ||
|---|---|---|---|
| 001 | 000021860 | ||
| 005 | 20240422203112.0 | ||
| 008 | 100913s1966 xxu r 000 0 spa d | ||
| 040 |
_aDO-SdBNP _bspa _cBNPHU |
||
| 082 |
_a362.042 _bM575 |
||
| 100 | 1 |
_aMerton, Robert K. _945387 |
|
| 245 | 1 | 0 |
_aContemporary social problems / _cRobert K. Merton , Robert A. Nisbet. |
| 250 | _a2a ed. | ||
| 260 |
_aNew York : _bHarcourt, Brace & World, _c1966. |
||
| 300 |
_axiii, 847 p. ; _c22 cm. |
||
| 500 | _aIncluye índice de nombres. | ||
| 500 | _aIncluye índice de materias. | ||
| 504 | _aIncluye referencias bibliográficas y notas al pie de las páginas. | ||
| 650 | 0 |
_aProblemas sociales _99290 |
|
| 049 | _aBNGR | ||
| 999 |
_c21358 _d21358 |
||